ბათუმის შოთა რუსთაველის სახელმწიფო უნივერსიტეტის ბიბლიოთეკა

Преобразование государственной собственности в период экономических реформ (ბიბ.ჩანაწერი № 37138)

000 -LEADER
fixed length control field 00757nam a2200229Ia 4500
001 - CONTROL NUMBER
control field 3094
003 - CONTROL NUMBER IDENTIFIER
control field GE_BSU
008 - FIXED-LENGTH DATA ELEMENTS--GENERAL INFORMATION
fixed length control field 181216s||||||||xx |||||||||||||| ||und||
020 ## - INTERNATIONAL STANDARD BOOK NUMBER
International Standard Book Number 5861600848
040 ## - CATALOGING SOURCE
Transcribing agency GE_BSU
080 ## - UNIVERSAL DECIMAL CLASSIFICATION NUMBER
Universal Decimal Classification number 338
100 ## - MAIN ENTRY--PERSONAL NAME
Personal name Шупыро В.М.
245 ## - TITLE STATEMENT
Title Преобразование государственной собственности в период экономических реформ
245 ## - TITLE STATEMENT
Statement of responsibility, etc. ред. В. П. Юшин.
260 ## - PUBLICATION, DISTRIBUTION, ETC.
Place of publication, distribution, etc. Москва
260 ## - PUBLICATION, DISTRIBUTION, ETC.
Name of publisher, distributor, etc. ИНФРА-М
260 ## - PUBLICATION, DISTRIBUTION, ETC.
Date of publication, distribution, etc. 1997
300 ## - PHYSICAL DESCRIPTION
Extent 248 с. .
653 ## - INDEX TERM--UNCONTROLLED
Uncontrolled term Преобразование государственной собственности в период экономических реформ
942 ## - ADDED ENTRY ELEMENTS (KOHA)
Koha item type წიგნი
ეგზემპლარები
Withdrawn status Lost status Damaged status Not for loan Date acquired Barcode Date last seen Price effective from Koha item type Public note
        2018-12-17 8239 2018-12-17 2018-12-17 წიგნი დარბაზი
        2018-12-17 8240 2018-12-17 2018-12-17 წიგნი დარბაზი
        2018-12-17 8241 2018-12-17 2018-12-17 წიგნი დარბაზი
        2018-12-17 8242 2018-12-17 2018-12-17 წიგნი დარბაზი
        2018-12-17 8243 2018-12-17 2018-12-17 წიგნი დარბაზი